| 000 | 00748nam a2200205Ia 4500 | ||
|---|---|---|---|
| 003 | GCL | ||
| 005 | 20240530103228.0 | ||
| 008 | 140319s9999 xx 000 0 ara d | ||
| 040 |
_aGCL / _cGCL |
||
| 082 | 0 | 4 |
_a745.2 _bر ف |
| 100 | 1 | _aريد، هربرت | |
| 245 | 1 | 0 |
_aالفن والصناعة اسس التصميم الصناعى / _cتاليف ريد، هربرت ؛ ترجمة فتح الباب عبدالحليم سيد ، محمد محمود يوسف |
| 300 |
_a279 ص ؛ _c24 سم |
||
| 650 | 0 | 4 | _aالتصميم الهندسى |
| 650 | 0 | 4 | _aالتصميم الصناعى |
| 650 | 0 | 4 | _aالفن والصناعة |
| 700 | 1 | _aفتح الباب عبدالحليم سيد | |
| 700 | 1 | _aمحمد محمود يوسف | |
| 942 |
_2ddc _cBK |
||
| 999 |
_c37732 _d37732 |
||